Textbook of biochemistry with clinical correlations

Spremljeno u:
Bibliografski detalji
Glavni autor: Devlin, Thomas M (Autor)
Format: Knjiga
Jezik:engleski
Izdano: Hoboken John Wiley and Sons 2006
Izdanje:6a. ed
Teme:
Oznake: Dodaj oznaku
Bez oznaka, Budi prvi tko označuje ovaj zapis!

MARC

LEADER 00000nam a2200000 a 4500
001 UCI8219
003 CL-VaPUC
008 080813e20060000us |||||||||||||||||eng|d
020 |a 9780471678083 
082 0 4 |a 612.015  |b DEV  |2 21 
100 0 |a Devlin, Thomas M  |e author  |9 531737 
245 1 0 |a Textbook of biochemistry with clinical correlations 
250 |a 6a. ed 
300 |a 1208 p 
942 |c BK 
945 |d 20080813 00:00:00  |a jtorresc 
260 |a Hoboken  |b John Wiley and Sons  |c 2006 
650 0 |a Bioquímica   |9 259492 
650 0 |a Bioquímica clínica  |9 338522 
650 0 |a Medicina   |9 258507 
650 0 |a Enzimas  |9 262984 
650 7 |a PROTEINAS  |2 CL-VaPUC  |9 531738 
650 0 |a Aminoácidos   |9 259616 
650 7 |a METABOLISMO DE LAS PROTEINAS  |2 CL-VaPUC  |9 361290 
650 7 |a NUTRIENTES  |2 CL-VaPUC  |9 345765 
650 0 |a Lípidos   |9 306890 
583 |a last modification  |c 20171116 02:14:47  |k Rodrigo Vera 
999 |c 331238  |d 331236 
952 |0 0  |1 0  |4 0  |6 612_015000000000000_DEV_2006  |7 0  |8 A  |9 417514  |a BIBCUR  |b BIBCUR  |d 2019-11-22  |i 4472314  |l 1  |o 612.015 DEV 2006  |p 4472314  |r 2025-04-22  |s 2024-12-05  |w 2019-11-22  |y BK  |k QUI 
952 |0 0  |1 0  |4 0  |6 612_015000000000000_DEV_2006  |7 0  |8 A  |9 417515  |a BIBCUR  |b BIBCUR  |d 2019-11-22  |i 4472322  |o 612.015 DEV 2006  |p 4472322  |r 2025-04-22  |w 2019-11-22  |y BK  |k QUI